| 000 | 01970cam a22002054a 4500 | ||
|---|---|---|---|
| 005 | 20250605163934.0 | ||
| 008 | 250528s ||||||||||||||||||||||||d | ||
| 035 | _a14804 | ||
| 020 | _a960210029 | ||
| 040 |
_aGR-AtMCL _bgre _dGR-AtMCL _eAACR2 |
||
| 245 | 1 | _aΨυχολογιοποίηση / Επιπτώσεις των Ψυχολογικών Ερμηνειών στα Φαινόμενα της Κοινωνικής Επιρροής | |
| 250 | _a1η | ||
| 260 |
_bΟδυσσέας, _c1989 |
||
| 300 | _a544 | ||
| 520 | _aΗ Ψυχολογιοποίηση είναι από τα σημαντικότερα φαινόμενα που έφερε στην επιφάνεια η Κοινωνική Ψυχολογία. Πρόλογος, Εισαγωγή, Το Παρελθόν της Ψυχολογιοποίησης, Η Καθημερινή Ψυχολογιοποίηση, Η ''Επιστημονική'' Ψυχολογιοποίηση, Η ''Θεσμοποιημένη'' Ψυχολογιοποίηση, Η Συνιστώτα ''Ψυ'' στα Φαινόμενα της Πειθούς, Μεθοδολογικές Σημειώσεις, Η Ψυχολογιοποίηση ως Αντίσταση στην Αλλαγή, Η Ψυχολογιοποίηση και η Ενδοτικότητα και η Μεταστροφή, Η Ψυχολογία των Μειονοτικών Ιδεών, Η Μειονοτική Σύγκρουση και η Ψυχολογιοποίηση, Ψυχολογιοποίηση και Αναπαραστάσεις των Ενεργών Μειονοτήτων, Ψυχολογιοποίηση και Κοινωνικές Διακρίσεις, Ψυχολογία και Ψυχολογιοποίηση, Μπορούμε να Εμποδίσουμε την Ψυχολογιοποίηση, Γενικά Συμπεράσματα, Βιβλιογραφία. | ||
| 700 | 1 |
_aΠαπαστάμου Στάμος _9160 |
|
| 942 | _cBK | ||
| 999 |
_c420 _d420 |
||